| 000 | 00332nam a22001337a 4500 | ||
|---|---|---|---|
| 020 | _qPB. | ||
| 040 | _cFIZZA ISHAQ | ||
| 082 |
_a728.08730 _bHAB |
||
| 100 |
_aHABINTEG. _9110069 |
||
| 245 |
_aWHEEL CHAIR HOUSING DESIGN GUIDE / _cHABINTEG. |
||
| 260 |
_aRIBA PUBLISHING ; _bLONDON, _c2018. |
||
| 300 | _a2018 P. ; | ||
| 942 |
_2ddc _cBK |
||
| 999 |
_c593610 _d593610 |
||